header

Iran and the challenge of diversity (Record no. 221260)

MARC details
000 -LEADER
fixed length control field 01342nam a2200337Ia 4500
100 1# - MAIN ENTRY--AUTHOR NAME
Personal name Asgharzadeh, Alireza.
245 10 - TITLE STATEMENT
Title Iran and the challenge of diversity
250 ## - EDITION STATEMENT
Edition statement 1st ed.
260 ## - PUBLICATION, DISTRIBUTION, ETC. (IMPRINT)
Place of publication New York :
Name of publisher Palgrave Macmillan,
Year of publication 2007.
300 ## - PHYSICAL DESCRIPTION
Number of Pages xiv, 249 p.
650 #0 - SUBJECT ADDED ENTRY--TOPICAL TERM
Topical Term Cultural pluralism
Topical Term Pan-Iranism.
856 40 - ELECTRONIC LOCATION AND ACCESS
Uniform Resource Identifier http://site.ebrary.com/lib/rucke/Doc?id=10194098

No items available.

© 2026 Rongo University
Contact us: librarian | system librarian | Rongo university